| 000 | 01964nam0a2200361 4500 | ||
|---|---|---|---|
| 001 | RU\NLR\BIBL_A\022043946 | ||
| 005 | 20231103123114.0 | ||
| 010 |
_a978-5-04-175900-1 _94000 |
||
| 021 |
_aRU _bКН-П-23-057198 _9КН-П-23-5748 |
||
| 035 | _a(NLR Aleph) 022043946 | ||
| 035 | _a(RuMoRGB)012100988 | ||
| 090 |
_a12578000 _c12578000 |
||
| 100 | _a20231009d2023 u y0rusy50 ca | ||
| 101 | 1 |
_arus _ceng |
|
| 102 | _aRU | ||
| 105 | _ao z 000ay | ||
| 181 | 0 |
_ai _baxxe |
|
| 182 | 0 | _an | |
| 200 | 1 |
_aКровь завоевателя _fЗамиль Ахтар _g[перевод с английского Р. Сторикова] |
|
| 203 |
_aТекст _bвизуальный _cнепосредственный |
||
| 210 |
_aМосква _cFanzon _cЭксмо _d2023 |
||
| 215 |
_a638 с. _cил. _d21 |
||
| 225 | 1 |
_aСтальные боги _v2 |
|
| 320 | _aДр. кн. авт.: с. 1 | ||
| 330 | _aДве некогда лучшие подруги, связанные общей тайной, начинают борьбу за власть. Они угрожают залить кровью королевство Аланья и погубить множество жизней, что нашли здесь новый дом, - веселых джиннов, призрачных воинов, ангелов, поэтов и философов, симургов и коварных шейхов. А древние боги лишь смеются в ожидании массового человеческого жертвоприношения. И когда начнется война, каждому придется выбирать свою сторону | ||
| 333 | _a16+ | ||
| 686 | 1 | _aШ6(5ОАЭ)07-445{Лх2255} | |
| 700 | 1 |
_aАхтар _bЗ. _gЗамиль _3RU\NLR\AUTH\770260011 |
|
| 942 | _cBOOK | ||
| 980 | _aNB | ||